| 000 | 00824nam a22002897a 4500 | ||
|---|---|---|---|
| 001 | 6068 | ||
| 003 | FISKH | ||
| 005 | 20250305105919.0 | ||
| 008 | 250305b cb ||||| |||| 00| 0 eng d | ||
| 020 | _a9780545135443 | ||
| 040 |
_aFISKH _beng _cFISKH _dFISKH |
||
| 050 | _aPZ7.O237 B | ||
| 082 | _a813 | ||
| 100 |
_aO'dell, Scott _d(1898-1989) |
||
| 245 |
_aBlack star, bright dawn / _cScott O'Dell |
||
| 250 | _aFirst printing in 2009 | ||
| 260 |
_aNew York : _bScholastic, _c1988 |
||
| 300 |
_a134 pages : _c20 cm |
||
| 505 | _aP | ||
| 520 | _aBright Dawn must face the challenge of the Iditarod dog sled race alone when her father is injured. | ||
| 521 | 8 |
_a670
_bLexile |
|
| 521 | 8 |
_aP
_bRaz-Plus |
|
| 650 |
_2Alaska _aDogsled |
||
| 650 |
_2Fiction _aSurvival |
||
| 942 |
_2ddc _cBK _n0 |
||
| 999 |
_c6068 _d6068 |
||